000 00879nam a2200253Ia 4500
003 OSt
005 20220930070139.0
006 a|||||r|||| 00| 0
007 ta
008 220926b |||||||| |||| 00| 0 eng d
024 _a6603
037 _cTheses
040 _aCRL
_cCRL
_beng
041 _2eng
_aeng
100 _aShashi Bala
110 _aUniversity of Delhi. Faculty of Science. Department of Physics and Astrophysics
_9519374
245 0 _aInvestigation of conduction band structure of n-type gallium arsenide single crystals using galvanomagnetic and thermoelectric measurements
260 _c1983
650 _aPHYSICS
700 _a Prof P C Mathur Supervisor
700 _aUniversity of Delhi. Faculty of Science. Department of Physics and Astrophysics
_9519380
942 _cDIS
_2CC
999 _c860524
_d860524